000 00990nam a2200265 a 4500
001 24754
003 CO-ViMGA
005 20230915232016.0
008 141112s2004 ck r 000 u spa d
015 _ack - 1999 - xxxx
035 _aAHJ7483 LA
040 _aCO-ViMGA
_bspa
_cCO-ViMGA
041 _aspa
082 0 4 _a398.6 J67a
245 1 0 _aJorobin Jorobetas :
_badivinanzas, trabalenguas, poesías, coplas, refranes /
_cselección y comentarios Carolina de la Torre Cuéllar ; ilustraciones Alvaro Silva Herrán.
260 _aBogotá :
_bCerlalc,
_cInstituto Nacional para Ciegos,
_c1991.
300 _a57 p. : il. ; 25 cm.
500 _aEn imprenta/braille.
504 _aIncluye bibliografía.
650 1 4 _aAdivinanzas.
_9960
700 1 _aTorre Cuéllar, Carolina de la, comp.
_936969
942 _2ddc
_cBK
949 _ac n
999 _c32556
_d32556